Statistics for 読み方が難しい地名 北海道道央編

Click here to take the quiz!

General Stats

  • This quiz has been taken 37 times
  • The average score is 9 of 30

Answer Stats

所在地の例字数問題解答欄% Correct
千歳市3長都おさつ
83%
札幌市厚別区5厚別町「小野幌」このっぽろ
80%
岩見沢市9上幌向町かみほろむいちょう
73%
札幌市中央区5界川さかいがわ
63%
北広島市3輪厚わっつ
63%
石狩市5花畔ばんなぐろ
63%
小樽市4忍路おしょろ
57%
札幌市北区5西茨戸にしばらと
57%
石狩市4厚田区「濃昼」ごきびる
50%
浦河町5月寒つきさっぷ
43%
平取町4貫気別ぬきべつ
33%
共和町5梨野舞納りやむない
33%
雨竜町3やわら
27%
江別市5対雁ついしかり
27%
石狩市4生振おやふる
23%
泊村(古宇郡)7堀株村ほりかっぷむら
20%
石狩市4厚田区「安瀬」やそすけ
20%
千歳市6支寒内ししゃもない
17%
平取町2芽生めむ
17%
砂川市6三砂町みさごちょう
17%
千歳市5幌美内ぽろぴない
17%
登別市7富岸町とんけしちょう
13%
恵庭市5漁太いざりぶと
10%
日高町4庫富くらとみ
7%
夕張市10南部幌南町なんぶこうなんちょう
7%
古平町5群来町くきちょう
7%
浦河町4西舎にしちゃ
7%
伊達市8若生町わっかおいちょう
3%
積丹町6日司町ひづかちょう
3%
島牧村3千走ちわせ
3%

Score Distribution

Percentile by Number Answered

Percent of People with Each Score

Your Score History

You have not taken this quiz